000
00260 a2200097 4500
001
31460
100
_a
Rajaraman, V
245
_a
Essential of assembly language programming for PBMPC
260
_a
New Delhi
_b
Prentic-Hall
_c
1998
090
_c
21344
_d
21344
942
_a
NUST-CAE
_c
MONOGRAPH
_c
12608
999
_c
266533
_d
266533